Statistics for Capital Cities Breakdown Puzzle #6

Click here to take the quiz!

General Stats

  • This quiz has been taken 774 times
  • The average score is 18 of 30

Answer Stats

HintAnswer% Correct
Adult boyMAN
97%
We, not themUS
92%
FewerLESS
91%
The 2nd W in WWWWIDE
91%
Musical pairDUO
87%
Eject salivaSPIT
86%
Finished, completeDONE
84%
Jackson's Billie ___JEAN
83%
Actor RickmanALAN
77%
Pakistan neighbourIRAN
76%
Nautical speedKNOT
75%
Dove's or pigeon's callCOO
71%
Toot a car hornHONK
71%
Mayday lettersSOS
69%
MONACO
62%
"A name I call myself"?MI
57%
Talk with one's handsSIGN
57%
Criminal's reasonMOTIVE
55%
Prejudice, slantBIAS
45%
Gives a massage toRUBS
44%
WINDHOEK
43%
"Orinoco flow" singerENYA
41%
BRUSSELS
39%
MANILA
39%
MONTEVIDEO
36%
KINGSTON
30%
PRISTINA
27%
BISSAU
24%
YAOUNDE
23%
SAN JOSE
19%

Score Distribution

Percentile by Number Answered

Percent of People with Each Score

Your Score History

You have not taken this quiz